|
|
|
|
| LEADER |
01923nam a22004932a 4500 |
| 001 |
001668860 |
| 003 |
CZ BrMZK |
| 005 |
20190304123652.0 |
| 007 |
ta |
| 008 |
190211s1977 xr erf||||||||||cze d |
| 015 |
|
|
|a cnb000521106
|
| 020 |
|
|
|q (Váz.)
|
| 035 |
|
|
|a (OCoLC)85372473
|
| 040 |
|
|
|a ABA001
|b cze
|c HKA001
|d ABA001
|d BOA001
|d BOA001
|
| 043 |
|
|
|a e-cs---
|
| 045 |
|
|
|a x4x7
|
| 072 |
|
7 |
|a 2
|x Náboženství
|2 Konspekt
|9 5
|
| 080 |
|
|
|a 2-7
|2 MRF
|
| 080 |
|
|
|a 2-78
|2 MRF
|
| 080 |
|
|
|a 27-4
|2 MRF
|
| 080 |
|
|
|a 2-72-77
|2 MRF
|
| 080 |
|
|
|a 2-67
|2 MRF
|
| 080 |
|
|
|a 322
|2 MRF
|
| 080 |
|
|
|a (437)
|2 MRF
|
| 080 |
|
|
|a (035)
|2 MRF
|
| 245 |
0 |
0 |
|a Právní poměry církví a náboženských společností v ČSSR a jejich hospodářské zabezpečení státem
|
| 250 |
|
|
|a 1. vyd.
|
| 260 |
|
|
|a Praha :
|b Ústřední církevní nakladatelství,
|c 1977
|
| 300 |
|
|
|a 309 s. ;
|c 21 cm
|
| 500 |
|
|
|a Pro vnitřní potřebu
|
| 550 |
|
|
|a Vydavatel: Sekretariáty pro věci církevní při ministerstvech kultury ČSR a SSR
|
| 648 |
|
4 |
|a 1948-1976
|
| 650 |
0 |
7 |
|a církve
|7 ph119307
|z Československo
|y 1948-1989
|2 czenas
|
| 650 |
0 |
7 |
|a náboženské společnosti
|7 ph123381
|z Československo
|y 1948-1989
|2 czenas
|
| 650 |
0 |
7 |
|a organizace a struktura církve
|7 ph138526
|z Československo
|y 1948-1989
|2 czenas
|
| 650 |
0 |
7 |
|a církevní život
|7 ph119306
|z Československo
|y 1948-1989
|2 czenas
|
| 650 |
0 |
7 |
|a stát a církev
|7 ph116308
|z Československo
|y 1948-1989
|2 czenas
|
| 655 |
|
7 |
|a příručky
|7 fd133209
|2 czenas
|
| 710 |
1 |
|
|a Slovensko (Československo).
|b Ministerstvo kultúry.
|b Sekretariát pre veci cirkevné
|7 kn20050824008
|4 isb
|
| 710 |
1 |
|
|a Česko (Československo).
|b Ministerstvo kultury.
|b Sekretariát pro věci církevní
|7 kn20050530001
|4 isb
|
| 910 |
|
|
|a BOA001
|b 2-1422.489
|
| 990 |
|
|
|a BK
|
| 991 |
|
|
|b 201903
|
| 996 |
6 |
|
|b 2610772930
|c 2-1422.489
|l MZK
|r Sklad / do 1 hodiny
|n 5
|p dar
|w 001710512
|u 000010
|a 1
|e BOA001
|j MZK50
|s P
|